000 00922nas a2200301 4500
001 BR2015001200
003 BR-BrBNA
005 20231205125049.0
007 ta
008 230509b bl.|||p| |||| 00| 00por d
040 _aBR-BrBNA
_bpor
_cBiblioteca Nacional de Agricultura
041 _a(En)
072 _aQ03
100 1 _aLeite, A.R.
100 1 _aGuimarães, W.V.
100 1 _aAraújo, E.F. de
100 1 _aSilva, D.O.
245 1 _aFermentation of sweet whey by recombinant Escherichia coli K011
650 _aSORO DE LEITE
650 _aESCHERICHIA COLI
650 _aBACTERIA PATOGENICA
650 _aETANOL
650 _aFERMENTACAO
773 0 _tBrazilian Journal of Microbiology (Brazil)
_xISSN 1517-8382
_g(Jul-Sep 2000), v. 31(3) p. 212-215
_wBR2015001200
856 4 0 _uhttp://www.scielo.br/pdf/bjm/v31n3/v31n3a11.pdf
909 _a202311
_bLúcia
_c55
_dLúcia Elande
942 _2AGRIS
_n0
_cANA
999 _c242417
_d242417